000 01298nam a2200349 a 4500
001 000030410
003 DO-SdBNP
005 20160329150002.0
007 000030410
008 110517s1988 dr 000 0 spa d
040 _aBNPHU
_bspa
_cBNPHU
092 _aR 015.7293
_bI39p
245 0 0 _aÍndice de publicaciones periódicas de universidades dominicanas /
_ccompilado por Manuel de Jesús Roa Santana.
260 _aSanto Domingo :
_bINTEC ,
_c1978-
300 _av. ;
_c23 cm.
490 1 _aSerie bibliográfica
_v1-5
500 _aLa biblioteca posee v. 4
500 _aA la cabeza del título: Asociación de Bibliotecas Universitarias
650 4 _aREVISTAS DOMINICANAS
650 4 _aPUBLICACIONES SERIADAS
_xÍNDICES
710 2 2 _aInstituto Tecnológico de Santo Domingo
710 2 2 _aAsociación de Bibliotecas Universitarias (República Dominicana)
830 0 _aSerie bibliográfica
_n1-5
910 _aValidado. Control de calidad MFF
930 1 _lBND01
_mLF1
_820130425
_f04
_pMI
_g24901
_hv. 1,
930 1 _lBND01
_mLF1
_820110517
_f01
_pHD
_g24901
_hv. 4
942 _2ddc
_cBK
956 _aDGARCIA
_b10
_c20110517
_lBND01
_h0938
956 _aVMATEO
_b10
_c20110620
_lBND01
_h00151
956 _aMFILETO
_b40
_c20150720
_lBND01
_h1312
956 _aVMATEO
_b10
_c20150722
_lBPMSU
_h00151
999 _c7989
_d7989